Economical Writing

Tallennettuna:
Bibliografiset tiedot
Päätekijä: McCloskey, Deirdre N. (Tekijä)
Aineistotyyppi: Kirja
Kieli:englanti
Julkaistu: Illinois, USA: Waveland Pres, Inc., 2000
Painos:Second Edition
Aiheet:
Tagit: Lisää tagi
Ei tageja, Lisää ensimmäinen tagi!

MARC

LEADER 00000nam a22000007a 4500
003 CL-VaPUC
005 20220526083532.0
008 220401b2000 ||||| |||| 00| 0 eng d
999 |c 435256  |d 435254 
020 |a 978-1-57766-063-7 
040 |c Pontificia Universidad Católica de Valparaíso 
082 0 4 |2 21  |a 808.06633 MCC 2000 
100 1 |a McCloskey, Deirdre N.  |e author  |9 867906 
245 1 0 |a Economical Writing 
250 |a Second Edition 
260 |a Illinois, USA:  |b Waveland Pres, Inc.,  |c 2000 
300 |a 98 páginas 
500 |a C.1 Donación Familia profesor Giovanni Parodi S. Memo 01/2022. 25-03-2022 
583 |c 20220401  |k Catalogador Asistente 
650 1 |a Economía  |x Escritos académicos  |x Problemas y ejercicios  |9 869051 
650 1 |a Lenguaje inglés  |x Retórica  |x Problemas y ejercicios  |9 869052 
942 |2 ddc  |c BK 
952 |0 0  |1 0  |2 ddc  |4 0  |6 808_066330000000000_MCC_2000  |7 0  |8 C_GPS  |9 582392  |a FDOPOS  |b FDOPOS  |c GEN  |d 2022-04-01  |e Donación  |i 5650626  |o 808.06633 MCC 2000  |p 5650626  |r 2025-01-22  |t 1  |w 2022-04-01  |y BK  |k MLA